LEADER 01319nam a2200289 u 4500 001 000000023661 003 CaOOAMICUS 005 20070226111250.0 008 950620s1990 it bf u000 u ita u 035 $a10594991 040 $aIPA$bita$dPUL(R) 100 1 $aCarcione, Filippo.$0(OLS)http://pul/name/14036 245 13$aLa genesi storico-teologica del monotelismo maronita :$bnote per una lettura ortodossa della tradizione cristologica maronita /$cFilippo Carcione. 260 $aRoma :$bUniTor,$c1990. 300 $a74 p., [1] c. di tav. :$bc. geogr. ;$c24 cm 500 $aComprende indici. 504 $aBibliografia: p. 9-19. 610 24$aChiesa maronita.$0(OLS)http://pul/subject/14507 650 4$aMonoteliti.$0(OLS)http://pul/subject/13078 850 $aPUL 852 $aPUL$W1$xDP2 Religione 1$y63$m69 E 128$j33179$nBK-PRI$qStampati$B33179$CPULBib$Z2$F33179 $82 852 $aPUL$W1$xDP1 Fondo Bordoni$y120$m3 O 17$j168185$qFondi$B176767$CPULBib$Z2$F176767 $HBor156 $81 941 1 $a1 941 1 $a8 961 $aINV: 68654 996 $6245$aLa genesi storico-teologica del monotelismo maronita :$bnote per una lettura ortodossa della tradizione cristologica maronita$9(OLS)http://pul/title/32874 996 $6260$aRoma :$bUniTor$9(OLS)http://pul/publisher/58094 LEADER 01313nam a2200313 a 4500 001 000000148316 003 CaOOAMICUS 005 20220623162513.0 008 160107s1971 fr u000 u fre r 032 $aLibriCat 040 $aPUL$bita 041 1 $afre$hger 130 0 $aJesus in den Evangelium.$lFrancese.$0(OLS)http://pul/title/187123 245 10$aJésus dans les Evangiles / $cJosef Blinzler ... [et al.] ; traduit de l'allemand par A. Liefooghe ; avant-ptopos par F. Refoulé. 260 $aParis :$bCerf,$c1971. 300 $a169 p. ;$c19 cm. 490 1 $aLire la Bible ;$v29 504 $aBibliografia in nota. 600 04$aIesus Christus$xCritica e interpretazione.$0(OLS)http://pul/subject/1968 700 1 $aRefoulé, François.$0(OLS)http://pul/name/25800 700 1 $aBlinzler, Josef.$0(OLS)http://pul/name/19362 700 1 $aLiefooghe, A.$0(OLS)http://pul/name/12003 830 0$aLire la Bible ;$v29.$0(OLS)http://pul/title/31817 850 $aPUL 852 $aPUL$W1$xDP1 Fondo Bordoni$y120$m3 D 31$j166262$qFondi$B172159$CPULBib$Z2$F172159 $HBor290 $81 941 1 $a1 996 $6245$aJésus dans les Evangiles / $9(OLS)http://pul/title/187124 996 $6260$aParis :$bCerf$9(OLS)http://pul/publisher/48238